000 01360cam a2200385 a 4500
001 54449
005 20230410132613.0
008 051229s2005 nyu 000 1 eng
010 _a 2005285186
035 _a(OCoLC)ocm61770381
040 _aDLC
_cDLC
_dKLG
_dBAKER
_dBTCTA
_dYDXCP
020 _a0143039296 (pbk.)
020 _a9780143039297 (pbk.)
029 1 _aNLGGC
_b292506031
035 _a(OCoLC)61770381
050 1 4 _aPR 6013
_bG799c 2005
049 _aGRAL
100 1 _aGreene, Graham,
_d1904-1991.
245 1 4 _aThe captain and the enemy /
_cGraham Greene ; introduction by John Auchard.
260 _aNew York :
_bPenguin Books,
_c2005.
300 _axxv, 154 p. ;
_c20 cm.
440 0 _aPenguin classics
651 0 _aLondon (England)
_vFiction.
651 0 _aCentral America
_vFiction.
650 0 _aKidnapping
_vFiction.
650 0 _aBoys
_vFiction.
700 1 _aAuchard, John.
856 4 2 _3Contributor biographical information
_uhttp://www.loc.gov/catdir/enhancements/fy0716/2005285186-b.html
856 4 2 _3Publisher description
_uhttp://www.loc.gov/catdir/enhancements/fy0716/2005285186-d.html
938 _aBaker & Taylor
_bBKTY
_c14.00
_d10.50
_i0143039296
_n0006448188
_sactive
938 _aBaker and Taylor
_bBTCP
_n2005285186
938 _aYBP Library Services
_bYANK
_n2228741
942 _2lcc
_cbk
994 _aC0
_bDRFGD
999 _c84496
_d84496